000 01209cam a22001814a 4500
005 20250605164354.0
008 250528s ||||||||||||||||||||||||d
035 _a24242
040 _aGR-AtMCL
_bgre
_dGR-AtMCL
_eAACR2
245 1 _aΜαθαίνοντας για τα Δικαιώματα του Ανθρώπου / Για τον Ο.Η.Ε.
260 _bΊδρυμα Μαραγκόπουλου Για Τα Δικαιώματα Του Ανθρώπου,
_c1992
300 _a34
520 _aΕισαγωγή, Σημείωμα προς τον Εκπαιδευτικό, Παραδείγματα για την Αίθουσα Διδασκαλίας, Το Βίντεο: Σχετικά με τον ΟΗΕ: Δικαιώματα του Ανθρώπου, Το Ιδανικό του Αύριο: Εφαρμόζοντας τη Σύμβαση του ΟΗΕ για τα Δικαιώματα των Παιδιών, Δουλεύοντας για να Καλυτερεύσουμε τη Ζωή των Παιδιών, Πηγές του ΟΗΕ για τα Δικαιώματα του Ανθρώπου.
700 1 _aΘεοδωρόπουλος Χρήστος
_99430
942 _cCR
999 _c9133
_d9133